Municipal and rural sanitation (Record no. 12109)

000 -LEADER
fixed length control field 00625nam a22002171 4500
001 - CONTROL NUMBER
control field 12109
003 - CONTROL NUMBER IDENTIFIER
control field BD-DhUET
008 - FIXED-LENGTH DATA ELEMENTS--GENERAL INFORMATION
fixed length control field 720914s1965 nyua b 000 0 eng
040 ## - CATALOGING SOURCE
Original cataloging agency DLC
Transcribing agency DLC
Modifying agency BD-DhUET
082 ## - DEWEY DECIMAL CLASSIFICATION NUMBER
Classification number 628
Item number EHL/1965
100 ## - MAIN ENTRY--PERSONAL NAME
Personal name Ehlers, Victor M.
245 10 - TITLE STATEMENT
Title Municipal and rural sanitation
250 ## - EDITION STATEMENT
Edition statement 6th ed.
260 ## - PUBLICATION, DISTRIBUTION, ETC. (IMPRINT)
Place of publication, distribution, etc. New Delhi
Name of publisher, distributor, etc. Tata McGraw-Hill
Date of publication, distribution, etc. 1965
300 ## - PHYSICAL DESCRIPTION
Extent xiv, 663 p.
Other physical details ill.
Dimensions 24 cm.
490 0# - SERIES STATEMENT
Series statement McGraw-Hill series in sanitary science and water resources engineering
504 ## - BIBLIOGRAPHY, ETC. NOTE
Bibliography, etc Includes bibliographies
650 #0 - SUBJECT ADDED ENTRY--TOPICAL TERM
Topical term or geographic name as entry element Sanitary engineering
700 ## - ADDED ENTRY--PERSONAL NAME
Personal name Steel, Ernest W.
942 ## - ADDED ENTRY ELEMENTS (KOHA)
Koha item type General Book
Holdings
Shelving location Date acquired Location (home branch) Not for loan Sublocation or collection (holding branch) Lost status Piece designation (barcode) Koha full call number Source of classification or shelving scheme Copy number Price effective from Koha item type Koha normalized classification for sorting Damaged status Withdrawn status Koha date last seen
Circulation section2015-02-23Central Library, BUET Central Library, BUET 54823628/EHL/1965 12015-02-23General Book628_000000000000000_EHL_1965  2015-02-23
Circulation section2015-05-06Central Library, BUET Central Library, BUET 57340628/EHL/1965 22015-05-06General Book628_000000000000000_EHL_1965  2015-05-06
Circulation section2015-05-06Central Library, BUET Central Library, BUET 57341628/EHL/1965 32015-05-06General Book628_000000000000000_EHL_1965  2015-05-06
Circulation section2015-05-07Central Library, BUET Central Library, BUET 42726628/EHL/1958 42015-05-07General Book628_000000000000000_EHL_1958  2015-05-07
Circulation section2015-05-07Central Library, BUET Central Library, BUET 19515628/EHL/1965 52015-05-07General Book628_000000000000000_EHL_1965  2015-05-07
Circulation section2015-05-07Central Library, BUET Central Library, BUET 20785628/EHL/1965 62015-05-07General Book628_000000000000000_EHL_1965  2015-05-07
Circulation section2015-05-07Central Library, BUET Central Library, BUET 19514628/EHL/1965 72015-05-07General Book628_000000000000000_EHL_1965  2015-05-07
Circulation section2015-05-07Central Library, BUET Central Library, BUET 25851628/EHL/1965 82015-05-07General Book628_000000000000000_EHL_1965  2015-05-07
Circulation section2015-05-07Central Library, BUET Central Library, BUET 20784628/EHL/1965 92015-05-07General Book628_000000000000000_EHL_1965  2015-05-07